header

Engaging writing : (Record no. 250678)

MARC details
000 -LEADER
fixed length control field 01595cam a2200289 a 4500
001 - CONTROL NUMBER
control field 13828666
003 - CONTROL NUMBER IDENTIFIER
control field OSt
005 - DATE AND TIME OF LATEST TRANSACTION
control field 20151015082835.0
008 - FIXED-LENGTH DATA ELEMENTS--GENERAL INFORMATION
fixed length control field 041230s2005 nyua 000 0 eng
010 ## - LIBRARY OF CONGRESS CONTROL NUMBER
LC control number 2004030305
020 ## - INTERNATIONAL STANDARD BOOK NUMBER
International Standard Book Number 0131408895
040 ## - CATALOGING SOURCE
Original cataloging agency DLC
Transcribing agency DLC
Modifying agency DLC
050 00 - LIBRARY OF CONGRESS CALL NUMBER
Classification number PE1439
Item number .F57 2005
082 00 - DEWEY DECIMAL CLASSIFICATION NUMBER
Classification number 808/.042076
Edition number 22
100 1# - MAIN ENTRY--PERSONAL NAME
Personal name Fitzpatrick, Mary,
Dates associated with a name 1953-
245 10 - TITLE STATEMENT
Title Engaging writing :
Remainder of title paragraphs and essays /
Statement of responsibility, etc Mary Fitzpatrick.
260 ## - PUBLICATION, DISTRIBUTION, ETC. (IMPRINT)
Place of publication, distribution, etc White Plains, NY :
Name of publisher, distributor, etc Longman,
Date of publication, distribution, etc c2005.
300 ## - PHYSICAL DESCRIPTION
Extent xxiii, 343 p. :
Other physical details ill. ;
Dimensions 26 cm.
505 0# - FORMATTED CONTENTS NOTE
Formatted contents note Possessions : writing a descriptive paragraph -- Changes : writing a narrative paragraph -- Memory and learning : writing an expository paragraph -- Culture, identity, and homeland : writing a division paragraph, writing a simple division essay -- Full pockets, empty pockets : writing a cause-and-effect essay -- Marriage and family : writing a comparison/contrast essay -- Teamwork : writing a classification essay -- The science of everyday life : writing a definition paragraph and essay -- From school to work : writing an argumentative essay.
650 #0 - SUBJECT ADDED ENTRY--TOPICAL TERM
Topical term or geographic name as entry element English language
General subdivision Paragraphs
Form subdivision Problems, exercises, etc.
Topical term or geographic name as entry element English language
General subdivision Rhetoric
Form subdivision Problems, exercises, etc.
Topical term or geographic name as entry element Report writing
Form subdivision Problems, exercises, etc.
856 41 - ELECTRONIC LOCATION AND ACCESS
Materials specified Table of contents
Uniform Resource Identifier <a href="http://www.loc.gov/catdir/toc/ecip055/2004030305.html">http://www.loc.gov/catdir/toc/ecip055/2004030305.html</a>
906 ## - LOCAL DATA ELEMENT F, LDF (RLIN)
a 7
b cbc
c orignew
d 1
e ecip
f 20
g y-gencatlg
942 ## - ADDED ENTRY ELEMENTS (KOHA)
Source of classification or shelving scheme Library of Congress Classification
Koha item type Long Loan Books
Holdings
Withdrawn status Lost status Source of classification or shelving scheme Damaged status Not for loan Collection code Home library Current library Shelving location Date acquired Total Checkouts Full call number Barcode Date last seen Date checked out Price effective from Koha item type
    Library of Congress Classification     Non-fiction Rongo University Library Rongo University Library General Stacks 15/10/2015 2 PE1439 .F57 2005 20155011 23/10/2019 09/10/2019 15/10/2015 Long Loan Books

© 2026 Rongo University
Contact us: librarian | system librarian | Rongo university